000
00330 a2200157 4500
001
178637
020
_a
040
_c
Magnum
100
_a
Amaro, Fabio
240
1
0
_a
Uma historia de arrepiar
_l
por
245
1
0
_a
Uma historia de arrepiar
362
0
_a
1899
440
1
_a
RHJ
697
_a
MAGNITO: IJ/ECOLOGIA
942
_c
BK
999
_c
178637
_d
178637